Vectors, tensors, and the basic equations of fluid mechanics
Saved in:
| Main Author: | |
|---|---|
| Format: | Book |
| Language: | English |
| Published: |
Nueva York
Dover Publications Inc
1989
|
| Edition: | 1a. ed |
| Subjects: | |
| Tags: |
Add Tag
No Tags, Be the first to tag this record!
|
MARC
| LEADER | 00000nam a2200000 a 4500 | ||
|---|---|---|---|
| 001 | UCG0523 | ||
| 003 | CL-VaPUC | ||
| 008 | 100325e19890000US |||||||||||||||||eng|d | ||
| 020 | |a 0486661105 | ||
| 082 | 0 | 4 | |a 515.63 |b ARI |2 21 |
| 100 | 0 | |a Aris, Rutherford |e author |9 547993 | |
| 245 | 1 | 0 | |a Vectors, tensors, and the basic equations of fluid mechanics |
| 250 | |a 1a. ed | ||
| 300 | |a 286 p | ||
| 942 | |c BK | ||
| 945 | |d 20100325 00:00:00 |a dcastane | ||
| 260 | |a Nueva York |b Dover Publications Inc |c 1989 | ||
| 650 | 0 | |a Análisis vectorial |9 260451 | |
| 650 | 7 | |a CALCULO DE TENSORES |2 CL-VaPUC |9 260219 | |
| 650 | 0 | |a Dinámica de fluidos |9 260582 | |
| 583 | |a last modification |c 20130325 05:21:57 |k Rodrigo Vera | ||
| 999 | |c 340145 |d 340143 | ||
| 952 | |0 0 |1 0 |4 0 |6 515_630000000000000_ARI_1989 |7 0 |8 A |9 434679 |a BIBCUR |b BIBCUR |d 2019-11-22 |i 4653971 |l 3 |m 1 |o 515.63 ARI 1989 |p 4653971 |r 2025-04-22 |s 2024-06-24 |w 2019-11-22 |y BK |k FIS | ||